01380nam a2200385 i 450000100060000000300080000600500170001400600190003100700150005000800410006502000280010603500220013404000310015605000210018708000140020808200160022210000190023824500340025726400610029130000530035233600310040533700330043633800430046950000230051258800830053559001620061865000210078065000200080165000240082165000240084565500270086979700180089685600630091499900170097739599FINmELB20241216221817.0m o d | cr cnu||||||||171008s2012 sp o 001 1 spa d a9788420673899q(e-book) a(OCoLC)1145093442 aFINmELBbspaerdacFINmELB 4aPR823bE428 2012 a821.111-30 a823.0092231 aEliot, George.10aSilas Marner /cGeorge Eliot. 1aMadrid :bDifusora Larousse - Alianza Editorial,c[2012] a1 recurso en línea (158 páginas sin numerar) atextobtxt2rdacontent/spa acomputadorabc2rdamedia/spa arecurso en líneabcr2rdacarrier/spa aContiene índice. aDescripción basada en metadatos suministrados por el editor y otras fuentes. aRecurso electrónico. Santa Fe, Arg.: elibro, 2020. Disponible vía World Wide Web. El acceso puede estar limitado para las bibliotecas afiliadas a elibro. 0aEnglish fiction. 4aNovela inglesa. 0aEnglish literature. 4aLiteratura inglesa. 4aLibros electrónicos.2 aelibro, Corp.40uhttps://elibro.net/ereader/politecnicointernacional/114472 c39599d39599